000 00219nam a2200097Ia 4500
008 170619s9999 xx 000 0 und d
100 _aJain- S.D
245 0 _aEngineering Physics
260 _bUniversity Press
260 _c2012
546 _aENGLISH
999 _c21117
_d21117